[Event "BI-2013-P-00017"]
[Site "LSS email"]
[Date "2013.04.22"]
[Round "?"]
[White "Tittarelli, Adriano"]
[Black "Boda, Attila"]
[Result "0-1"]
[WhiteElo "1042"]
[BlackElo "1957"]
[PlyCount "68"]
[EventDate "2013.04.25"]
[EventType "tourn (corr)"]
[EventRounds "10"]
[EventCountry "GER"]
[SourceTitle "Telechess CBM 167"]
[Source "ChessBase"]
[SourceDate "2015.07.13"]
[SourceVersion "1"]
[SourceVersionDate "2015.07.13"]
[SourceQuality "1"]

1. d4 d5 2. Bf4 Nf6 3. e3 c5 4. c3 Nc6 5. Nd2 e6 6. Ngf3 Bd6 7. Ne5 Qc7 8. Ndf3 Nd7 9. Bb5 cxd4 10. Bxc6 bxc6 11. exd4 f6 12. Nxd7 Bxf4 13. Nc5 Bd6 14. b4 0-0 15. 0-0 e5 16. dxe5 fxe5 17. h3 a5 18. a3 axb4 19. axb4 Rxa1 20. Qxa1 Qe7 21. Re1 e4 22. Nd4 Bxh3 23. gxh3 Qe5 24. Nxe4 Qh2+ 25. Kf1 dxe4 26. Qa2+ Kh8 27. Re3 Qh1+ 28. Ke2 Rxf2+ 29. Kxf2 Qh2+ 30. Kf1 Qxa2 31. Rxe4 Qb1+ 32. Re1 Qd3+ 33. Kf2 Kg8 34. Nxc6 Bg3+ 0-1

[Event "SB-2013-0-00298"]
[Site "LSS email"]
[Date "2013.03.30"]
[Round "?"]
[White "Boda, Attila"]
[Black "Schulz, Hans Juergen"]
[Result "1/2-1/2"]
[WhiteElo "1912"]
[BlackElo "1709"]
[PlyCount "53"]
[EventDate "2013.03.07"]
[EventType "tourn (corr)"]
[EventRounds "6"]
[EventCountry "GER"]
[SourceTitle "Telechess CBM 161"]
[Source "ChessBase"]
[SourceDate "2014.07.16"]
[SourceVersion "1"]
[SourceVersionDate "2014.07.16"]
[SourceQuality "1"]

1. e4 c5 2. Nf3 d6 3. d4 cxd4 4. Nxd4 Nf6 5. Nc3 Nc6 6. Bc4 e6 7. Be3 Be7 8. Qe2 0-0 9. 0-0-0 a6 10. Bb3 Qc7 11. g4 Nxd4 12. Rxd4 Nd7 13. g5 b5 14. Rg1 Nc5 15. e5 d5 16. Rh4 Qxe5 17. Rg3 Qf5 18. Rgh3 Bxg5 19. Rxh7 Bxe3+ 20. Qxe3 Qxh7 21. Rxh7 Nxb3+ 22. axb3 Kxh7 23. Ne4 f6 24. Nd6 Bd7 25. Qc5 Be8 26. Qe3 f5 27. Qxe6 1/2-1/2